Testo della canzone "La regola dell'amico" - 883 - Statistics

Statistiche generali
  • Questo quiz è stato fatto 156 volte
  • Il punteggio medio è 45 su 56
Statistiche sulle risposte
Testo % Corretto
La regola dell'amico non {sbaglia} mai
95%
La regola dell'amico non {sbaglia} mai
95%
La regola dell'amico non {sbaglia} mai
95%
Se sei amico di una {donna}
95%
Se sei amico di una {donna}
95%
Se sei amico di una {donna}
95%
Quando arrivi in mezzo a {noi}
94%
Tutti i miei {amici}
94%
Non ci {combinerai} mai niente mai, non vorrai
93%
Non ci {combinerai} mai niente mai, non vorrai
93%
Non ci {combinerai} mai niente mai, non vorrai
93%
{Rovinare} un così bel rapporto
93%
{Rovinare} un così bel rapporto
93%
{Rovinare} un così bel rapporto
93%
Però domani le offrirò da {bere} e poi
92%
Mano nella {mano} con lui
90%
Ridi e tutti {ridono}
90%
Prendon posto {accanto} a te
89%
Hanno quel {profumo}
88%
Sei {amico} non combinerai mai niente, mai niente, niente mai
88%
Sei {amico} non combinerai mai niente, mai niente, niente mai
88%
Starò da {solo} con lei
88%
Io, non {capisco} che gli fai
87%
Non riescono a {capire} che
87%
Non riescono a {capire} che
87%
È una {gara} a chi ti asseconda di più
86%
Che dal tuo essere {amica} nasca cosa però
83%
Non potrei, mai vederti come {fidanzato}
83%
Non potrei, mai vederti come {fidanzato}
83%
Sul più bello vai {via}
83%
Tu, parli e tutti {ascoltano}
83%
Il tipo {giusto} per lei"
82%
Io, vedo i lampi d'{odio} che
81%
Accanto ai tuoi {capelli} che
80%
Il {principio} naturale che
76%
Non si {ricordano}
75%
Tutti stan {lanciando} a te
75%
È il {balsamo} o sei tu che emani?
74%
Ha dato {retta} a un altro non cagando me
74%
La regola dell'amico proprio {perché}
74%
La regola dell'amico proprio {perché}
74%
Sola e {lasci} tutti così
74%
Però mai {esageri}
71%
Che la farà {soffrire} invece io sarei
70%
Mentre tu, giochi e un poco {provochi}
69%
Si {dileguano} e vengon lì
69%
Tutti qui ci {provano}
69%
Aspettano un tuo {segno} e intanto sperano
68%
Qui i commenti {piovono}
65%
Dove {metterti} le mani
64%
La nostra {loquacità}
63%
Ma lo {vedo} che sa
60%
"Che cazzo c'entra con lui, che {stupida} io so
58%
Che {magari} non avrà
58%
Mentre stai {entrando}
58%
A {rodersi} perché
53%
Nessun quiz corrispondente trovato
Distribuzione punteggi
Percentuale di utenti per punteggio
Percentile per numero di risposta
I tuoi punteggi nel tempo
Non hai fatto questo quiz